| 000 | 00798cam a2200253 4500 | ||
|---|---|---|---|
| 001 | ABS65006 | ||
| 008 | 020130n2002 000 0 eng u | ||
| 035 | _a(Sirsi) u116539 | ||
| 245 | _aWest Midlands, Staffordshire and Shropshire | ||
| 260 | _c2002 | ||
| 490 |
_aProperty Week _v69(3) 25 January 2002, 39-66(10) |
||
| 590 | _aABS | ||
| 650 | _aWEST MIDLANDS | ||
| 650 | _aSTAFFORDSHIRE | ||
| 650 | _aSHROPSHIRE | ||
| 650 | _aBIRMINGHAM | ||
| 650 | _aSTOKE-ON-TRENT | ||
| 650 | _aPROPERTY-COMMERCIAL PROPERTY-RETAIL PROPERTY-RETAIL PROPERTY MARKET | ||
| 650 | _aINDUSTRIAL MARKET | ||
| 650 | _aPROPERTY-COMMERCIAL PROPERTY-OFFICE PROPERTY-OFFICE PROPERTY MARKET | ||
| 650 | _aRESIDENTIAL MARKET | ||
| 690 | _aPROPERTY-COMMERCIAL PROPERTY-COMMERCIAL PROPERTY MARKET | ||
| 942 | _n0 | ||
| 999 |
_c69394 _d69394 |
||